Personnalités LGBTQIA+ connues - Statistiques

Statistiques générales
  • Ce quiz a été pris 463 fois
  • Le résultat moyen est 12 sur 500
Statistiques - réponses
Profession Nationalité Réponse % Correct
Politique France Gay Gabriel Attal
80%
Musique Belgique Pansexuelle Angèle
74%
Musique USA Bisexuelle Billie Eilish
24%
Musique/Cinéma USA Bisexuelle Lady Gaga
22%
Musique/Vidéaste France Gay Bilal Hassani
18%
Musique France Pansexuel/Non binaire Christine and the Queens/Redcar/Chris
17%
Musique/Cinéma Royaume-Uni/USA Gay Elton John
17%
Musique France Lesbienne Hoshi
16%
Musique Liban/Royaume-Uni/USA Gay Mika
16%
Mode France Gay Yves Saint Laurent
16%
Musique Royaume-Uni Gay Freddie Mercury
15%
Musique/Cinéma France Lesbienne Pomme
14%
Cinéma Canada Homme transgenre/Non binaire Elliot Page
13%
Cinéma USA Bisexuelle Kristen Stewart
13%
Musique Royaume-Uni Gay/Non binaire Sam Smith
13%
Télévision/Radio France/Luxembourg Gay Stéphane Bern
13%
Télévision/Radio/Théâtre France Gay Laurent Ruquier
12%
Drag Queen/Musique/Cinéma USA Gay RuPaul
12%
Humoriste/Télévision USA Lesbienne Ellen DeGeneres
11%
Musique USA Pansexuelle/Non binaire Miley Cyrus
11%
Humoriste/Cinéma France Bisexuelle Muriel Robin
11%
Cinéma USA/Cambodge Bisexuelle Angelina Jolie
10%
Journaliste/Télévision France Gay Christophe Beaugrand
10%
Musique Royaume-Uni Bisexuel David Bowie
10%
Musique/Cinéma USA Pansexuelle/Non binaire Demi Lovato
9%
Mode Italie Gay Gianni Versace
9%
Musique USA Gay Lil Nas X
9%
Musique France Gay Eddy de Pretto
8%
Politique USA Lesbienne Karine Jean-Pierre
8%
Drag Queen France Queer Keiona
8%
Musique USA LGBT Madonna
8%
Mode France Gay Christian Dior
7%
Téléréalité France Gay Eddy
7%
Musique Norvège Queer Girl in Red
7%
Mode France Gay Jean-Paul Gaultier
7%
Cinéma Royaume-Uni Bisexuel Kit Connor
7%
Drag Quenn France Gay Nicky Doll
7%
Télévision France/Belgique Gay Olivier Minne
7%
Drag Queen/Cinéma France Queer Paloma
7%
Cinéma/Activiste France Lesbienne Adèle Haenel
6%
Musique USA Bisexuelle Bessie Smith
6%
Cinéma USA Gay Brian J. Smith
6%
Musique USA Bisexuelle Cardi B
6%
Littérature France Bisexuelle Colette
6%
Cinéma X USA Genderfluid Dante Colle
6%
Musique/Cinéma USA Bisexuelle Debbie Harry
6%
Mode Italie Gay Giorgio Armani
6%
Musique/Cinéma/Mannequin USA LGBT/Non binaire Jaden Smith
6%
Cinéma X USA Lesbienne Jayden Cole
6%
Cinéma USA Gay Leslie Jordan
6%
Drag Queen Mexique Gay Lolita Banana
6%
Cinéma/Influenceur/Vidéaste USA/Canada Gay Noah Schnapp
6%
Cinéma/Musique USA Lesbienne Reneé Rapp
6%
Cinéma/Mannequin/Télévision/DJ Australie Fluidité de genre/Lesbienne Ruby Rose
6%
Musique/Danse/Cinéma USA Bisexuelle Willow Smith
6%
Journaliste/Radio/Télévision Royaume-Uni/France Gay Alex Taylor
5%
Littérature France Gay Arthur Rimbaud
5%
Cinéma/Musique USA Bisexuelle Dove Cameron
5%
Musique/Cinéma France Gay Emmanuel Moire
5%
Musique USA Bisexuel Frank Ocean
5%
Cinéma USA Lesbienne Jodie Foster
5%
Drag Queen/Mannequin France Gay La Grande Dame
5%
Cinéma/Musique USA Femme transgenre Laverne Cox
5%
Littérature France Gay Paul Verlaine
5%
Musique Belgique Gay Pierre de Maere
5%
Musique USA/Espagne Gay Ricky Martin
5%
Drag Queen France Queer Rose
5%
Mode France Gay Simon Porte Jacquemus
5%
Politique France Gay Stéphane Séjourné
5%
Musique/Vidéaste/Cinéma Australie/Afrique du Sud Gay Troye Sivan
5%
Tennis France Lesbienne Amélie Mauresmo
4%
Influenceur France Gay Benoît Chevalier
4%
Politique France Gay Bertrand Delanoë
4%
Mannequin/Cinéma Royaume-Uni Pansexuelle/Non binaire Cara Delevingne
4%
Musique Pays-Bas Gay Dave
4%
Cinéma USA Bisexuelle Drew Barrymore
4%
Musique Royaume-Uni Gay George Michael
4%
Cinéma/Mannequin USA Femme transgenre/Pansexuelle Hunter Schafer
4%
Cinéma Royaume-Uni Gay Ian McKellen
4%
Vidéaste/Influenceur/Mannequin USA Gay James Charles
4%
Cinéma Royaume-Uni Gay Joe Locke
4%
Cinéma Royaume-Uni Gay Jonathan Bailey
4%
Drag Queen/Vidéaste/Maquilleur France Queer Kam Hugh
4%
Cinéma X USA Lesbienne Kendra James
4%
Drag Queen/Militantisme USA Femme transgenre Marsha P. Johnson
4%
Télévision France Gay Matthieu Delormeau
4%
Cinéma USA Bisexuelle Megan Fox
4%
Influenceuse France Femme transgenre Meryl Bie
4%
Cinéma USA Gay Neil Patrick Harris
4%
Humoriste/Cinéma/Théâtre France Gay Pierre Palmade
4%
Poétesse Lesbos Lesbienne Sappho
4%
Drag Queen France Non binaire Soa de Muse
4%
Cinéma USA/Royaume-Uni Gay Wentworth Miller
4%
Mathématicien/Informaticien/Cryptologue Royaume-Uni Gay Alan Turing
3%
Mode Royaume-Uni Gay Alexander McQueen
3%
Roi/Pharaon Macédoine Bisexuel Alexandre le Grand
3%
Journaliste/Militantisme/Politique France Lesbienne Alice Coffin
3%
Cinéma USA Bisexuelle Amber Heard
3%
Cinéma France LGBT Anne Le Nen
3%
Musique Royaume-Uni Gay Boy George
3%
Musique France Lesbienne Catherine Lara
3%
Musique Canada Pansexuelle Cœur de pirate
3%
Football USA Gay Collin Martin
3%
Cinéma/Mannequin/Musique USA Gay Colton Haynes
3%
Journaliste/Télévision France Bisexuelle Daphné Bürki
3%
Cinéma USA Queer/Non binaire Ezra Miller
3%
Drag Queen Côte d'Ivoire Gay Mami Watta
3%
Musique USA Queer Doja Cat
3%
Politique/Journaliste/Télévision France Gay Frédéric Mitterrand
3%
Artiste Mexique Bisexuelle Frida Kahlo
3%
Musique USA Bisexuelle Halsey
3%
Politique USA Gay Harvey Milk
3%
Cinéma/Musique USA Lesbienne Hayley Kiyoko
3%
Musique Corée du Sud Gay Holland
3%
Cinéma USA Bisexuel James Dean
3%
Musique/Vidéaste/Cinéma/Vidéaste USA Lesbienne JoJo Siwa
3%
Musique Allemagne Femme transgenre Kim Petras
3%
Drag Queen France Gay La Big Bertha
3%
Drag Queen/Militantisme/Musique/Cinéma France Femme transgenre La Briochée
3%
Cinéma/Mannequin/Musique USA LGBT Lindsay Lohan
3%
Musique/Cinéma/Mannequin USA LGBT Madison Beer
3%
Télévision/Radio/Journaliste France Gay Marc-Olivier Fogiel
3%
Cinéma USA Gay Matt Bomer
3%
Football USA Lesbienne Megan Rapinoe
3%
Directeur de cabaret France Gay Michou
3%
Drag Queen Suisse Femme transgenre Moon
3%
Cinéma/Musique/Humoriste France Homme transgenre Océan
3%
Musique/Drag Queen Brésil Gay/Non binaire Pabllo Vittar
3%
Humoriste/Cinéma France Gay Panayotis Pascot
3%
Drag Queen/Musique/Danse France Queer Piche
3%
Drag Queen France Gay Punani
3%
Drag Queen/Danse France Gay Sara Forever
3%
Cinéma USA Queer Sarah Paulson
3%
Musique Australie Bisexuelle/Queer Sia
3%
Téléréalité/Drag Queen France Gay Thomas
3%
Chef d'entreprise USA Gay Tim Cook
3%
Plongeon Royaume-Uni LGBT Tom Daley
3%
Littérature Royaume-Uni Lesbienne Virginia Woolf
3%
Cinéma Canada Gay Xavier Dolan
3%
Cinéma X USA Lesbienne Aidra Fox
2%
Télévision France Gay Alex Goude
2%
Cinéma/Miss France France Femme transgenre Andréa Furet
2%
Militantisme USA Lesbienne Angela Davis
2%
Influenceur/Vidéaste France Gay Anthonin
2%
Cinéma Royaume-Uni Non binaire Bella Ramsey
2%
Cinéma/Musique/Mannequin USA Bisexuelle Bella Thorne
2%
Téléréalité/Télévision France Gay Benoît Dubois
2%
Mode France Gay Christian Louboutin
2%
Musique France Queer Christophe Willem
2%
Drag Queen/Musique Autriche Gay Conchita Wurst
2%
Drag Queen France/Canada Queer Cookie Kunty
2%
Cinéma USA Bisexuelle Cynthia Nixon
2%
Cinéma X USA LGBT DeAngelo Jackson
2%
Littérature France Gay Dominique Fernandez
2%
Drag Queen France Queer Elips
2%
Musique France Bisexuel Étienne Daho
2%
Politique France Gay Florian Philippot
2%
Journaliste/Télévision/Radio France Gay Frédéric Lopez
2%
Drag Queen USA Homme transgenre Gottmik
2%
Musique USA Pansexuelle/Non binaire Janelle Monáe
2%
Cinéma/Musique USA Lesbienne Jane Lynch
2%
Littérature/Artiste France Gay Jean Cocteau
2%
Politique France Gay Jean-Philippe Tanguy
2%
Musique/Vidéaste/Maquilleur/Entrepreneur USA Gay Jeffree Star
2%
Vidéaste/Blogueur/Téléréalité France Gay Jeremstar
2%
Musique/Danse/Cinéma France Bisexuelle Joséphine Baker
2%
Cinéma Royaume-Uni/USA Gay Julian Morris
2%
Musique USA Lesbienne Kehlani
2%
Musique/Militantisme France Gay Kiddy Smile
2%
Drag Queen France Queer Kitty Space
2%
Vidéaste/influenceuse USA Femme transgenre/Bisexuelle Kris Tyson
2%
Drag Queen France Queer La Kahena
2%
Cinéma/Musique France Bisexuel Lambert Wilson
2%
Drag Queen/Chorégraphe France Queer Lova Ladiva
2%
Musique USA Lesbienne/Non binaire LP
2%
Cinéma USA Pansexuelle Madison Bailey
2%
Football France Lesbienne Marinette Pichon
2%
Nage libre Royaume-Uni Gay Mark Foster
2%
Cinéma USA LGBT Marlon Brando
2%
Littérature/Artiste France Gay Max Jacob
2%
Cinéma Royaume-Uni/Rwanda Queer Ncuti Gatwa
2%
Vidéaste France Gay Newtiteuf/Julien Dachaud
2%
Téléréalité France Pansexuel Nicolas
2%
Mode France Gay Olivier Rousteing
2%
Musique USA Bisexuelle Paris Jackson
2%
Cinéma USA Gay Ryan Murphy
2%
Musique/Cinéma/Mannequin Royaume-Uni Lesbienne Samantha Fox
2%
Politique France Lesbienne Sarah El Haïry
2%
Drag Queen USA Femme transgenre Sasha Colby
2%
Télévision/Radio/Cinéma France Gay Steevy Boulay
2%
Militantisme USA Femme transgenre Sylvia Rivera
2%
Mode/Cinéma USA Gay Tom Ford
2%
Drag Queen France Queer Vespi
2%
Patinage artistique USA Gay Adam Rippon
1%
Humoriste France Gay Alex Ramirès
1%
Politique Allemagne Lesbienne Alice Weidel
1%
Musique/Cinéma/Danse France Lesbienne Aloïse Sauvage
1%
Cinéma X Australie LGBT Angela White
1%
Musique Venezuela Non binaire Arca
1%
Cinéma USA LGBT Ashley Benson
1%
Cinéma X France/USA Bisexuelle Ava Addams
1%
Musique USA Bisexuelle Azealia Banks
1%
Militantisme USA Gay Bayard Rustin
1%
Cinéma X USA Gay Beaux Banks
1%
Musique USA Genderfluid Bebe Rexha
1%
Drag Queen/Cinéma/Humoriste/Costumier USA Gay Bianca Del Rio
1%
Musique USA Bisexuel Billie Joe Armstrong
1%
Drag Queen/Stand-upper/Musique/Cinéma USA Queer Bob the Drag Queen
1%
Cinéma X/Mannequin Canada Gay Brent Everett
1%
Vidéaste USA/Philippines Gay/Non binaire Bretman Rock
1%
Mode USA Bisexuel Calvin Klein
1%
Journaliste/Littérature France Lesbienne Caroline Fourest
1%
Télévision/Cinéma/Mode USA Gay Carson Kressley
1%
Littérature/Avocat/Télévision France Gay Charles Consigny
1%
Cinéma/Militantisme USA Homme transgenre Chaz Bono
1%
Cinéma/Littérature USA Gay Chris Colfer
1%
Politique France Gay Clément Beaune
1%
Cinéma/Danse/Musique France Femme transgenre Coccinelle
1%
Pilote automobile Royaume-Uni Gay Danny Watts
1%
Cinéma France Gay Dominique Besnehard
1%
Vidéaste/Influenceur France Gay Edward Sad
1%
Première dame/Politique/Activiste/Diplomate USA LGBT Eleanor Roosevelt
1%
Vidéaste/Influenceuse France Bisexuelle Emma Paris
1%
Télévision/Radio/Théâtre France Bisexuelle Énora Malagré
1%
Téléréalité France Gay Enzo
1%
Littérature/Musique/Artiste Espagne Gay Federico García Lorca
1%
Musique/Cinéma USA Bisexuelle Fergie
1%
Journaliste/Littérature/Radio France Gay Franck Ferrand
1%
Politique France Gay Franck Riester
1%
Architecte Belgique Gay Gauthier Destenay
1%
Producteur télé, musique, cinéma, spectacles France Gay Gérard Louvin
1%
Drag Queen France Queer Ginger Bitch
1%
Cinéma Suède/USA Bisexuelle Greta Garbo
1%
Cinéma France Bisexuel Guillaume Gallienne
1%
Roi France LGBT Henri III
1%
Coach sportif/Télévision France/Grèce Gay Hugo Manos
1%
Politique France Gay Ian Brossat
1%
Mannequin/Cinéma France Femme transgenre Inès Rau
1%
Téléréalité France Femme transgenre Jade
1%
Cinéma X USA Gay Jake Porter
1%
Musique/Cinéma Philippines Homme transgenre Jake Zyrus
1%
Littérature USA Gay James Baldwin
1%
Basket-ball USA Gay Jason Collins
1%
Musique USA Bisexuel Jason Mraz
1%
Journaliste France Gay Jean-Baptiste Marteau
1%
Journaliste/Militantisme France Gay Jean Le Bitoux
1%
Journaliste/Télévision/Radio France Gay Jean-Marc Morandini
1%
Radio/Télévision/Critique gastronomique/Humoriste France Bisexuel Jean-Pierre Coffe
1%
Politique/Militantisme USA Femme transgenre Jess Herbst
1%
Drag Queen Canada LGBT Jimbo
1%
Cinéma X USA Gay JJ Knight
1%
Cinéma X USA Gay Joey Mills
1%
Vidéaste/Influenceur France LGBT Johan Papz
1%
Cinéma X USA Bisexuel Johnny Rapid
1%
Cinéma France Lesbienne Josée Dayan
1%
Journaliste France Gay Julien Bellver
1%
Journaliste/Militantisme/Juriste/Littérature Hanovre Gay Karl Heinrich Ulrichs
1%
Cinéma/Humoriste USA Lesbienne Kate McKinnon
1%
Athlétisme USA Gay Kerron Clement
1%
Musique USA Bisexuelle Kesha
1%
Cinéma/Musique USA Gay Kevin McHale
1%
Cinéma USA Gay Lee Pace
1%
DJ/Militantisme France Lesbienne Leslie Barbara Butch
1%
Cinéma USA Bisexuelle Lili Reinhart
1%
Cinéma X USA Bisexuelle Lisa Ann
1%
Musique USA Gay Little Richard
1%
Journaliste France Gay Loïc Prigent
1%
Musique Suède Bisexuelle Loreen
1%
Littérature/Journaliste France LGBT Louis Aragon
1%
Roi France LGBT Louis XIII
1%
Littérature USA Queer Maggie Nelson
1%
Cinéma/Télévision/Radio France Gay Magloire
1%
Médecin/Militantisme/Littérature Allemagne Gay Magnus Hirschfeld
1%
Musique Italie Gay Mahmood
1%
Cinéma X Canada Bisexuel Malik Delgaty
1%
Prince/Militantisme Inde Gay Manvendra Singh Gohil
1%
Politique France Femme transgenre Marie Cau
1%
Politique France Gay Mathieu Klein
1%
Musique USA Bisexuelle Melanie Martinez
1%
Politique France Lesbienne Mélanie Vogel
1%
Musique/Danse/Cinéma Royaume-Uni Bisexuelle Mel B
1%
Médecin/Moine bouddhiste Royaume-Uni Homme transgenre Michael Dillon
1%
Cinéma X USA/Israël Gay Michael Lucas
1%
Cinéma USA Bisexuelle Michelle Rodriguez
1%
Cinéma USA LGBT Montgomery Clift
1%
Littérature/Cinéma/Radio/Théâtre Mexique Lesbienne Nancy Cárdenas
1%
Influenceuse France Femme transgenre Naomi
1%
Influenceuse France Femme transgenre Nina
1%
Football/Littérature France/Tunisie Gay Ouissem Belgacem
1%
Téléréalité France Femme transgenre Ouryel
1%
Musique France Bisexuel Patrick Juvet
1%
Politique USA Gay Pete Buttigieg
1%
Littérature/Journaliste USA Gay Phillip Picardi
1%
Homme d'affaires/Collectionneur/Mécène France Gay Pierre Bergé
1%
Football Royaume-Uni Lesbienne Rachel Daly
1%
Drag Queen USA Gay Raja Gemini
1%
Drag Queen USA Gay Ra'Jah O'Hara
1%
Cinéma/Musique/Télévision/Danse USA Lesbienne Raven-Symoné
1%
Vidéaste/Influenceur France Gay Richard
1%
Musique/Cinéma/Mannequin Royaume-Uni Bisexuelle Rita Ora
1%
Cinéma France Gay Robin Campillo
1%
Cinéma X Italie Bisexuel Rocco Siffredi
1%
Cinéma X USA Bisexuel Roman Todd
1%
Cinéma USA Lesbienne Samira Wiley
1%
Vidéaste France Gay Sam Zirah
1%
Cinéma USA/Mexique Bisexuelle/Non binaire Sara Ramírez
1%
Drag Queen/Cinéma/Illustratrice USA Non binaire Sasha Velour
1%
Politique France Gay Sébastien Chenu
1%
Politique USA Lesbienne Sharice Davids
1%
Drag Queen/Musique USA Gay Sharon Needles
1%
Humoriste/Cinéma France Lesbienne Shirley Souagnon
1%
Politique/Militantisme Afrique du Sud Gay Simon Nkoli
1%
Musique Irlande Lesbienne Sinéad O'Connor
1%
Vidéaste/Influenceur France Gay SparkDise
1%
Football Allemagne Lesbienne Steffi Jones
1%
Musique USA Bisexuel Steve Lacy
1%
Vidéaste/Influenceur France Gay Sundy Jules
1%
Drag Queen USA Gay Symone
1%
Cinéma/Musique USA LGBT Tessa Thompson
1%
Mode France Gay Thierry Mugler
1%
Humoriste/Vidéaste France Gay Tristan Lopin
1%
Musique USA LGBT Tyler, The Creator
1%
Drag Queen USA Non binaire Valentina
1%
Téréalité France Gay Vincent
1%
Cinéma/Humoriste France Gay Vincent Dedienne
1%
Drag Queen/Musique/Cinéma/Mannequin USA Non binaire Violet Chachki
1%
Littérature/Cinéma France Lesbienne Virginie Despentes
1%
Chorégraphe/Danse France Gay Yanis Marshall
1%
Musique Royaume-Uni Pansexuel/Polyamoureux Yungblud
1%
Cinéma USA Gay Zachary Quinto
1%
Influenceuse France Lesbienne 6nissa/Anissa Maille
0%
Musique USA Bisexuel Aaron Carter
0%
Cinéma Royaume-Uni Gay Adam Brown
0%
Conférencier/Cinéma/Vidéaste/Militantisme France Homme transgenre Adrián De La Vega
0%
Cinéma Royaume-Uni Bisexuel Alan Cumming
0%
Drag Queen/Musique USA Gay Alaska Thunderfuck
0%
Cinéma Espagne Lesbienne Alba Flores
0%
Mode France Gay Alexandre Mattiussi
0%
Journaliste/Télévision USA Gay Anderson Cooper
0%
Mannequin/Reine de beauté Espagne Femme transgenre Ángela Ponce
0%
Photographe USA Lesbienne Annie Leibovitz
0%
Blogueur France Gay Aqababe
0%
Drag Queen USA Gay Aquaria
0%
Cinéma X USA Lesbienne Ariel X
0%
Cinéma France Gay Arnaud Valois
0%
Athlétisme Allemand Homme transgenre Balian Buschbaum
0%
Journaliste/Militantisme USA Lesbienne Barbara Gittings
0%
Musique Palestine Gay Bashar Murad
0%
Musique USA Bisexuelle BbyMutha
0%
Cinéma X USA Gay Beau Butler
0%
Vidéaste France Gay Beautés en herbe
0%
Drag Queen USA/Cameroun Queer BeBe Zahara Benet
0%
Musique/Cinéma France Gay Benjamin Siksou
0%
Musique USA Lesbienne Beth Ditto
0%
Musique USA Gay/Non binaire Big Freedia
0%
Cinéma X USA Gay Brent Corrigan
0%
Politique France Gay Bruno Bilde
0%
Chorégraphe/Danse France Gay Bruno Vandelli
0%
Musique USA Gay Cakes da Killa
0%
Avocate/Politique France Lesbienne Caroline Mécary
0%
Athlétisme Afrique du Sud Intersexe Caster Semenya
0%
Cinéma/Théâtre France LGBT Charles Berling
0%
Cinéma X USA Bisexuelle Charlotte Stokely
0%
Lanceuse d'alerte/Militaire USA/Royaume-Uni Femme transgenre Chelsea Manning
0%
Musique USA Bisexuelle Chika
0%
Cinéma X/Artiste USA Gay Colby Keller
0%
Cinéma USA Gay Colman Domingo
0%
Politique/Historienne France Lesbienne Corinne Bouchoux
0%
Football Brésil Lesbienne Cristiane
0%
Littérature USA Bisexuelle Cynthia Bond
0%
Vidéaste/Influenceur France Gay Cyril Schreiner
0%
Cinéma X USA Gay Damien Crosse
0%
Politique France Gay David Belliard
0%
Chef cuisinier France Gay David Gallienne
0%
Football USA Gay David Testo
0%
Politique France Gay David Valence
0%
Basket-ball USA Bisexuel Dennis Rodman
0%
Cinéma X Brésil Gay Diego Sans
0%
Cinéma USA Femme transgenre Josie Totah
0%
Cinéma USA Gay Kevin Spacey
0%
Littérature Espagne Lesbienne Elena Fortún
0%
Vidéaste/Influenceur France Gay Enzotaistoi
0%
Musique France Gay Éric Morena
0%
Patinage artistique Canada Gay Eric Radford
0%
Ski alpin Autriche Intersexe Erik Schinegger
0%
Vidéaste France Lesbienne Esile
0%
Militantisme/Littérature Pologne/Russie Lesbienne Eva Kotchever
0%
Musique Allemagne Bisexuel Felix Jaehn
0%
Musique France Gay Francis Poulenc
0%
Sociologue/Politique France Lesbienne Françoise Gaspard
0%
Téléréalité France Gay François-Xavier/FX
0%
Actrice/Littérature USA Lesbienne Fran Lebowitz
0%
Catch USA Gay Frederick Rosser
0%
Musique/Cinéma/Danse USA Gay Garrett Clayton
0%
Littérature/Militantisme France Lesbienne Geneviève Pastre
0%
Téléréalité France Bisexuel Géronimo
0%
Militantisme France Femme transgenre Giovanna Rincon
0%
Patinage artistique France Gay Guillaume Cizeron
0%
Football Nouvelle-Zélande Lesbienne Hannah Wilkinson
0%
Mannequin Belgique Intersexe/Non binaire Hanne Gaby Odiele
0%
Musique France Bisexuel Hervé Vilard
0%
Nage libre Australie Gay Ian Thorpe
0%
Littérature/Militantisme Pakistan/USA Gay Ifti Nasim
0%
Musique USA Gay iLoveMakonnen
0%
Musique USA Queer Isaiah Rashad
0%
Militantisme USA Lesbienne Ivy Bottini
0%
Drag Queen/Costumier/Maquilleur USA Queer Jaida Essence Hall
0%
Vidéaste USA Asexuelle/Aromantique Jaiden Animations
0%
Téléréalité France Gay Jaja
0%
Football Royaume-Uni Gay Jake Daniels
0%
Cinéma X USA Gay Jaxton Wheeler
0%
Politique France Gay Jean-Jacques Aillagon
0%
Cinéma X USA Lesbienne Jenna Sativa
0%
Cinéma USA Gay Jesse Tyler Ferguson
0%
Musique Royaume-Uni Gay Jimmy Somerville
0%
Drag Queen/Musique/Cinéma USA Agenre/Non binaire Jinkx Monsoon
0%
Eleveur/Criminel USA Gay Joe Exotic
0%
Politique Islande Lesbienne Jóhanna Sigurðardóttir
0%
Musique USA Gay Johnny Mathis
0%
Cinéma France Homme transgenre Jonas Ben Ahmed
0%
Cinéma USA Gay Jonathan Groff
0%
Drag Queen/Militantisme USA Gay José Sarria
0%
Football Australie/Malte Gay Josh Cavallo
0%
Cinéma/Musique USA LGBT Joshua Bassett
0%
Cinéma/Musique USA Gay Jussie Smollett
0%
Football Royaume-Uni Gay Justin Fashanu
0%
Cinéma USA Bisexuel Karan Brar
0%
Cinéma/Musique USA LGBT Keke Palmer
0%
Musique USA Gay Kevin Abstract
0%
Cinéma USA Gay Kevin Chamberlin
0%
Drag Queen/Activiste USA Femme transgenre Kylie Sonique Love
0%
Musique USA Gay Lance Bass
0%
Cinéma France Gay Laurent Kérusoré
0%
Musique USA Gay Le1f
0%
Cinéma USA Gay Lee Daniels
0%
Artiste Danemark Femme transgenre Lili Elbe
0%
Musique USA Bisexuel Lil Peep
0%
Musique USA Genderfluid Lil Uzi Vert
0%
Téléréalité/Télévision France Bisexuelle Loana
0%
Vidéaste/Influenceur France Gay LucasDorable
0%
Cinéma X Venezuela Gay Lucio Saints
0%
Influenceur/Streamer France Gay Mamushi
0%
Cinéma France Bisexuelle Maria Schneider
0%
Mannequin/Reine de beauté Portugal Femme transgenre Marina Machete
0%
Littérature France Gay Maurice Sachs
0%
Politique France Gay Maxime Minot
0%
Cinéma USA Gay Miles Heizer
0%
Drag Queen/Mannequin/Musique USA Gay/Non binaire Miss Fame
0%
Musique Royaume-Uni Gay Mista Strange
0%
Influenceur France Gay Moha/encoremohaaa
0%
Cinéma/Musique/Danse USA LGBT Mollee Gray
0%
Musique Royaume-Uni Asexuel Morrissey
0%
Politique France Gay Mounir Mahjoubi
0%
Musique/Activiste USA Queer Mykki Blanco
0%
Cinéma/Musique France Gay Nicolas Maury
0%
Cinéma X Canada Bisexuelle Nikki Benz
0%
Politique France Gay Olivier Dussopt
0%
Boxe USA Gay Orlando Cruz
0%
Télévision/Parolier/Musique/Littérature France Gay Pascal Sevran
0%
Catch Canada Gay Pat Patterson
0%
Collectionneur/Télévision France Gay Pierre-Jean Chalençon
0%
Musique USA Lesbienne/Genderfluid Ppcocaine
0%
Musique USA Bisexuelle/Non binaire Princess Nokia
0%
Musique/Cinéma/Mannequin/Télévision USA LGBT Queen Latifah
0%
Politique USA Femme transgenre Rachel Levine
0%
Cinéma X Brésil Bisexuel Rafael Alencar
0%
Cinéma/Musique Venezuela Gay Rafael de La Fuente
0%
Musique/Prêtre Royaume-Uni Gay Richard Coles
0%
Reine de beauté Pays-Bas Femme transgenre Rikkie Kollé
0%
Politique France Gay Roger Karoutchi
0%
Littérature France Gay Roger Peyrefitte
0%
Télévision/Journaliste USA Gay Ross Mathews
0%
Cinéma Royaume-Uni Gay Russell T Davies
0%
Cinéma X USA Lesbienne Sabina Rouge
0%
Homme d'affaires/Programmeur USA Gay Sam Altman
0%
Cinéma USA Lesbienne Sara Gilbert
0%
Musique USA Gay Saucy Santana
0%
Musique USA Lesbienne Snow Tha Product
0%
Joueur e-sport USA Non binaire/Bisexuel SonicFox
0%
Politique France Gay Steeve Briois
0%
Cinéma/Activiste USA LGBT Susan Sarandon
0%
Musique USA Lesbienne Syd
0%
Musique USA Bisexuel Taylor Bennett
0%
Cinéma X USA Gay Theo Brady
0%
Militantisme/Téléréalité USA Homme transgenre Thomas Beatie
0%
Politique France Gay Thomas Ménagé
0%
Fooball USA Lesbienne Tierna Davidson
0%
Cinéma X/Cinéma/Téléréalité USA Femme transgenre Ts Madison
0%
Drag Queen USA Queer Tyra Sanchez
0%
Artiste/Costumière Espagne Lesbienne Victorina Durán
0%
Mode France Queer Victor Weinsanto
0%
Psychiatre/Littérature USA Polyamoureux William Moulton Marston/Charles Moulton
0%
Cinéma X/Mannequin/Strip-teaser Canada Bisexuel William Seed
0%
Drag Queen USA Femme transgenre Willow Pill
0%
Musique/Graphiste France Gay Woodkid
0%
Politique Luxembourg Gay Xavier Bettel
0%
Musique USA Lesbienne Young M.A
0%
Athlétisme Venezuela Lesbienne Yulimar Rojas
0%
Drag Queen/Musique/Modéliste USA Gay Yvie Oddly
0%
Musique Russie Gay Zelim Bakaev
0%
Aucun quiz correspondant
Distribution des résultats
% des personnes avec chaque résultat
Percentile par nombre de réponses
Votre historique - résultats
Vous n’avez pas pris ce quiz